| 000 | 01114nam a2200325 a 4500 | ||
|---|---|---|---|
| 001 | 189 | ||
| 003 | BD-DhEWU | ||
| 005 | 20190526104145.0 | ||
| 008 | 110604r20011999i a g 001 0 eng d | ||
| 020 | _a8187162678 | ||
| 020 | _a9788187162674 | ||
| 035 | _a(OCoLC)57754995 | ||
| 040 |
_aBD-DhEWU _dBD-DhEWU _beng _cBD-DhEWU |
||
| 041 | _aeng | ||
| 082 | 0 | 4 |
_a346.020954 _bMUL 2001 |
| 245 | 0 | 0 |
_aMulla Indian contract and specific relief acts / _cedited by Nilima Bhadbhade. |
| 250 | _a12th ed. | ||
| 260 |
_aNew Delhi : _bButterworths, _cc2001. |
||
| 300 |
_accxi, 2917 p. : _bill. ; _c23 cm. |
||
| 500 | _aPrevious ed.: 1994. | ||
| 504 | _aIncludes bibliographical references and index. | ||
| 526 | _aBA | ||
| 590 | _aSaifun Momota | ||
| 650 | 0 |
_aIndia. -- Indian Contract Act, 1872. _95840 |
|
| 650 | 0 |
_aContracts -- India. _95800 |
|
| 650 | 0 |
_aEquitable remedies -- India. _95841 |
|
| 700 | 1 |
_aBhadbhade, Nilima. _95842 |
|
| 856 | 4 | 2 |
_3WorldCat details _uhttp://www.worldcat.org/title/pollock-mulla-indian-contract-specific-relief-acts/oclc/57754995?referer=br&ht=edition |
| 942 |
_cTEXT _2ddc |
||
| 999 |
_c189 | 189 | 189 _d189 |
||